Le père Victorin, (Record no. 3194)

MARC details
000 -LEADER
fixed length control field 00601cam a22002051 4500
001 - CONTROL NUMBER
control field af 47005600
003 - CONTROL NUMBER IDENTIFIER
control field DLC
005 - DATE AND TIME OF LATEST TRANSACTION
control field 20260227110832.0
008 - FIXED-LENGTH DATA ELEMENTS--GENERAL INFORMATION
fixed length control field 800702s1944 be 000 0 fre c
010 ## - LIBRARY OF CONGRESS CONTROL NUMBER
LC control number af 47005600
035 ## - SYSTEM CONTROL NUMBER
System control number (OCoLC)6480186
040 ## - CATALOGING SOURCE
Original cataloging agency Union theol. sem. Library
Transcribing agency TNJ
Modifying agency DLC
042 ## - AUTHENTICATION CODE
Authentication code premarc
050 00 - LIBRARY OF CONGRESS CALL NUMBER
Classification number BV3427.V5
Item number B4
100 1# - MAIN ENTRY--PERSONAL NAME
Personal name Beaufays, Ignace,
Dates associated with a name 1870-1945.
245 03 - TITLE STATEMENT
Title Le père Victorin,
Remainder of title martyr en Chine (1870-1898).
260 ## - PUBLICATION, DISTRIBUTION, ETC.
Place of publication, distribution, etc. Bruxelles,
Name of publisher, distributor, etc. Éditions du Chant d'oiseaux
Date of publication, distribution, etc. [1944]
300 ## - PHYSICAL DESCRIPTION
Extent 49, [2] p.
Dimensions 20 cm.
600 00 - SUBJECT ADDED ENTRY--PERSONAL NAME
Personal name Victorin,
Titles and other words associated with a name father,
Dates associated with a name 1870-1898.

No items available.

Powered by Koha